000
00283nam a2200109 a 4500
005
20200930073738.0
008
111005s2007 000 spa d
020
_a
9781842777428
245
0
_a
Bipolar orders : the two Koreas since 1989.
260
_a
London,
_c
2007.
999
_c
34009
_d
34009
040
_a
DO-SdBNP